000 00245nam a2200097Ia 4500
008 220204s9999 xx 000 0 und d
082 _a338.432(058)
_bFAO
245 0 _aFAO production yearbook V 51. 1997.
260 _aRome
_bFAO
_c1997
942 _cBK
999 _c41448
_d41448